书目信息 |
| 题名: |
无敌蝇家
|
|
| 作者: | 巴尔科姆 著 ;左安浦 译 | |
| 分册: | ||
| 出版信息: | 南京 译林出版社 2024.01 |
|
| 页数: | 369页 | |
| 开本: | 21cm | |
| 丛书名: | 天际线 | |
| 单 册: | ||
| 中图分类: | Q969.44 | |
| 科图分类: | ||
| 主题词: | 双翅目--shuang chi mu--普及读物 | |
| 电子资源: | ||
| ISBN: | 978-7-5447-5799-7 | |
| 000 | 01504nam 2200313 450 | |
| 001 | 94548 | |
| 005 | 20250820171051.89 | |
| 010 | @a978-7-5447-5799-7@dCNY69.00 | |
| 100 | @a20240321d2024 em y0chiy50 ea | |
| 101 | 1 | @achi@ceng |
| 102 | @aCN@b320000 | |
| 105 | @aa a 001yy | |
| 106 | @ar | |
| 200 | 1 | @a无敌蝇家@Awu di ying jia@e双翅目昆虫的成功秘籍@d= Super fly@ethe unexpected lives of the world's most successful insects@f(美国) 乔纳森·巴尔科姆著@g左安浦译@zeng |
| 210 | @a南京@c译林出版社@d2024.01 | |
| 215 | @a369页@c图@d21cm | |
| 225 | 2 | @a天际线@Atian ji xian |
| 314 | @a乔纳森·巴尔科姆, 美国知名动物行为学家, 曾任美国人道协会科学和政策研究所的动物知觉研究主管, 是英国广播公司 (BBC)、美国国家地理频道及多部纪录片的解说员和《动物知觉》期刊的副主编, 为《纽约时报》《自然》等报刊供稿。 | |
| 320 | @a有书目 (第318-344页) 和索引 | |
| 330 | @a本书共分三部分: 双翅目昆虫是什么、双翅目昆虫的生活、双翅目昆虫与人类。主要内容包括: 上帝的宠儿 ; 工作机制 ; 你醒了吗? (昆虫思维的证据) ; 寄生物与捕食者 ; 吸血者 ; 废物处理者与回收者等。 | |
| 410 | 0 | @12001 @a天际线 |
| 500 | 10 | @aSuper fly : the unexpected lives of the world's most successful insects@mChinese |
| 517 | 1 | @a双翅目昆虫的成功秘籍@Ashuang chi mu kun chong de cheng gong mi ji |
| 606 | 0 | @a双翅目@Ashuang chi mu@j普及读物 |
| 690 | @aQ969.44@v5 | |
| 701 | 1 | @a巴尔科姆@Aba er ke mu@g(Balcombe, Jonathan)@4著 |
| 702 | 0 | @a左安浦@Azuo an pu@4译 |
| 801 | 0 | @aCN@c20250909 |
| 905 | @a河南城建学院图书馆@dQ969.44@eB020@f1 | |
| 无敌蝇家:双翅目昆虫的成功秘籍= Super fly:the unexpected lives of the world's most successful insects/(美国) 乔纳森·巴尔科姆著/左安浦译.-南京:译林出版社,2024.01 |
| 369页:图;21cm.-(天际线) |
| ISBN 978-7-5447-5799-7:CNY69.00 |
| 本书共分三部分: 双翅目昆虫是什么、双翅目昆虫的生活、双翅目昆虫与人类。主要内容包括: 上帝的宠儿 ; 工作机制 ; 你醒了吗? (昆虫思维的证据) ; 寄生物与捕食者 ; 吸血者 ; 废物处理者与回收者等。 |
| ● |
| 相关链接 |
|
|
|
正题名:无敌蝇家
索取号:Q969.44/B020
 
预约/预借
| 序号 | 登录号 | 条形码 | 馆藏地/架位号 | 状态 | 备注 |
| 1 | 1628754 | 216287541 | 自科库401/401自科库 38排2列2层/ [索取号:Q969.44/B020] | 在馆 |